000 00891cab a2200301 4500
001 ABS48897
008 090401t1993 xxu||||| |||| 00| 0 eng d
035 _a(Sirsi) u69043
041 _aeng
245 _aGrants for early 1990s inner-city regeneration
260 _c1993
350 _a0
490 _aEstates Gazette
_v(9323) 12 June 1993, 122-123(2)
520 _aA "Mainly for students" article outlining the grants available for the regeneration of depressed areas.
650 _aCAPITAL PARTNERSHIPS
650 _aCITY ACTION TEAMS
650 _aCITY CHALLENGE
650 _aCITY GRANTS
650 _aDEFINITIONS
650 _aDERELICT LAND GRANTS
650 _aENTERPRISE ZONES
650 _aURBAN DEVELOPMENT CORPORATIONS
650 _aURBAN PROGRAMME
650 _aURBAN REGENERATION AGENCY
690 _aURBAN RENEWAL
942 _n0
948 _c04/03/1997
999 _c43368
_d43368